Cerámica de Costa Rica y Nicaragua
| Main Author: | |
|---|---|
| Format: | Section = Libro |
| Language: | Undetermined Spanish |
| Published: |
Managua
Fondo Cultural Banco de América
1926
|
| Subjects: |
| LEADER | 00492nam a2200181Ia 4500 | ||
|---|---|---|---|
| 008 | 240829s9999 xx 000 0 und d | ||
| 040 | |a BIBLIOTECA-RUSB/ 738 L883 | ||
| 041 | |a spa | ||
| 082 | |a 738 L883 | ||
| 100 | 1 | |a Lothrop, Samuel Kirkland | |
| 245 | 1 | 0 | |a Cerámica de Costa Rica y Nicaragua |
| 260 | |a Managua |b Fondo Cultural Banco de América |c 1926 | ||
| 300 | |a 220 p. :il. | ||
| 650 | 7 | |a CERAMICA-COSTA RICA | |
| 650 | 7 | |b CERAMICA-NICARAGUA | |
| 942 | |c BK |2 ddc | ||
| 991 | |a TEXTO | ||
| 999 | |c 5411 | ||